[Event "CAN-ch U12 Girls"]
[Site "Sault Ste Marie"]
[Date "2017.07.09"]
[Round "6.77"]
[White "Tsukerman, Julia"]
[Black "Qiao, Joey"]
[Result "1/2-1/2"]
[WhiteElo "1371"]
[BlackElo "1460"]
[PlyCount "108"]
[EventDate "2017.07.06"]
[EventType "swiss"]
[EventRounds "7"]
[EventCountry "CAN"]
[SourceTitle "EXT 2022"]
[Source "ChessBase"]
[SourceDate "2021.10.06"]
[SourceVersion "1"]
[SourceVersionDate "2021.10.06"]
[SourceQuality "1"]

1. e4 e5 2. Nf3 Nc6 3. Bb5 a6 4. Ba4 Nf6 5. d3 b5 6. Bb3 Be7 7. 0-0 d6 8. c3 0-0 9. h3 h6 10. Nbd2 Re8 11. Re1 Bf8 12. a4 Be6 13. d4 Bd7 14. d5 Ne7 15. c4 Ng6 16. Nf1 Be7 17. Qd3 Rb8 18. axb5 axb5 19. Ra7 Qc8 20. cxb5 Bxb5 21. Bc4 Bxc4 22. Qxc4 Rb7 23. Rxb7 Qxb7 24. Ne3 Nh5 25. g3 Bf8 26. b4 Nf6 27. Bd2 Rc8 28. Rc1 Ne7 29. b5 Qa7 30. g4 Nh7 31. Nf5 Nxf5 32. gxf5 Nf6 33. Be3 Qb7 34. Nd2 Ne8 35. Rb1 Rb8 36. Qc6 Qc8 37. Kg2 Qd8 38. Nf3 Be7 39. Ra1 Rc8 40. Bd2 Nf6 41. Ra4 Ne8 42. Ne1 Bg5 43. Bc3 Rb8 44. Ba5 Qc8 45. Rc4 Qb7 46. Bxc7 Qxc6 47. Rxc6 Nxc7 48. Rxc7 Rxb5 49. Rd7 Rb6 50. Nf3 Bf6 51. Nd2 Rb4 52. Kf3 Bg5 53. Nf1 Rb6 54. Ne3 Bxe3 1/2-1/2